000 02907cam a22011894i 4500
003 PE-LiUPU
005 20251125161217.0
008 150625s2000 xxua rb 000 0 spa d
020 _a0829735305
035 _a(Sirsi) i9780829735307
040 _aPE-LiUPU
_bspa
_cPE-LiUPU
_erda
049 _aPRUA
082 0 4 _a306.874
_bG738c
_221
100 1 _aGraham McMinn, Lisa,
_eautor.
245 1 0 _aCómo criar hijas fuertes /
_cLisa Graham McMinn.
264 1 _aMiami, FL :
_bVida,
_c2000.
300 _a270 páginas :
_bilustraciones, figuras ;
_c22 centímetros.
336 _atext
_2rdacontent
337 _aunmediated
_2rdamedia
338 _avolume
_2rdacarrier
500 _aContiene epílogo y notas.
504 _aIncluye referencias bibliográficas.
505 0 _aLa fuerza de una imagen. -Masculinidad y feminidad: orígenes e implicaciones. -Las hijas y la confianza. -Las hijas y la independencia. -Las hijas y la voz. -Esencia física. -Esencia sexual. -Los hombres como amigos, más que amigos esposos. -Padres e hijas. -Madres e hijas.
526 _aP202
526 _aP201
526 _aP163
526 _aP162
526 _aP161
526 _aP160
526 _aP148
526 _aP147
526 _aP146
526 _aP145
526 _aP144
526 _aP143
526 _aP142
526 _aP141
526 _aP140
526 _aP139
526 _aP138
526 _aP137
526 _aP136
526 _aP135
526 _aP134
526 _aP133
526 _aP129
526 _aP128
526 _aP127
526 _aP120
526 _aP119
526 _aP118
526 _aP116
526 _aP115
526 _aP114
526 _aP110
526 _aP109
526 _aP108
526 _aP104
526 _aP103
526 _aP102
526 _aP99
526 _aP98
526 _aP97
526 _aP96
526 _aP95
526 _aP93
526 _aP90
526 _aP89
526 _aP88
526 _aP83
526 _aP82
526 _aP62
526 _aP59
526 _aP58
526 _aP57
526 _aP51
526 _aP49
526 _aP48
526 _aP47
526 _aP29
526 _aP24
526 _aP20
526 _aP19
526 _aP17
526 _aP15
526 _aP14
526 _aP12
526 _aP10
526 _aP09
526 _aP08
526 _aP07
526 _aP06
526 _aP05
526 _aP04
526 _aP01
650 2 0 _aMujeres
_xSacerdotes
_92283
650 2 4 _aPadres e hijos
_92059
942 _2ddc
_cBK
949 _a248.8431 M12
_wDEWEY
_c1
_i56012
_d2015-11-26
_e2015-11-25
_lCCODEBUL1
_mBUL
_n2
_p8.00
_r0
_sY
_tBOOK
_u2015-6-25
_xTEOLOGIA
_zUNKNOWN
_0COMPRA
_o.STAFF. Colección Teología
980 _818226
_gJaime Vilcazán Jefe de Análisis Documental
999 _c44840
_d44840